|
|
|
|
| LEADER |
01778nam a2200361 a 4500 |
| 001 |
4856 |
| 003 |
BD-DhAAL |
| 005 |
20150813121112.0 |
| 008 |
150811s2004 nyua b i000 0 eng d |
| 010 |
|
|
|a 2004301756
|
| 020 |
|
|
|a 0821353888
|
| 035 |
|
|
|a (OCoLC)ocm55120886
|
| 040 |
|
|
|a TEF
|c TEF
|d OCLCQ
|d DLC
|d BD-DhAAL
|
| 050 |
0 |
0 |
|a HD73
|b .B36 2002
|
| 082 |
0 |
4 |
|a 330.9172/4
|2 22
|
| 111 |
2 |
|
|a World Bank Conference on Development Economics--Europe
|n (4th :
|d 2002 :
|c Oslo, Norway)
|9 13718
|
| 245 |
1 |
0 |
|a Toward pro-poor policies :
|b aid, institutions, and globalization /
|c edited by Bertil Tungodden, Nicholas Stern, and Ivar Kolstad.
|
| 246 |
1 |
8 |
|a 2003 Annual World Bank Conference on development economics--Europe
|
| 260 |
|
|
|a New York, NY :
|b Copublication of the World Bank and Oxford University Press,
|c c2004.
|
| 300 |
|
|
|a vii, 355 p. :
|b ill. ;
|c 26 cm.
|
| 490 |
1 |
|
|a Annual World Bank Conference on development economics--Europe ;
|v 2003
|
| 500 |
|
|
|a "The fourth Annual Bank Conference on Development Economics in Europe took place in Oslo in June 2002"--P. 1.
|
| 504 |
|
|
|a Includes bibliographical references.
|
| 650 |
|
0 |
|a Economic development
|v Congresses.
|9 6991
|
| 650 |
|
0 |
|a Poverty
|z Developing countries
|v Congresses.
|9 9449
|
| 650 |
|
0 |
|a Globalization
|x Economic aspects
|v Congresses.
|9 13719
|
| 700 |
1 |
|
|a Tungodden, Bertil.
|9 13720
|
| 700 |
1 |
|
|a Stern, N. H.
|q (Nicholas Herbert)
|9 13721
|
| 700 |
1 |
|
|a Kolstad, Ivar.
|9 13722
|
| 811 |
2 |
|
|a World Bank Conference on Development Economics--Europe.
|t Annual World Bank Conference on Development Economics--Europe ;
|v 2003.
|9 13723
|
| 942 |
|
|
|2 ddc
|c BK
|
| 999 |
|
|
|c 35218
|d 35218
|
| 952 |
|
|
|0 0
|1 0
|2 ddc
|4 0
|6 330_917240000000000_TOW
|7 0
|9 55215
|a SCL
|b SCL
|c GEN
|d 2015-08-13
|l 0
|o 330.91724 TOW
|p 3020004856
|r 2015-08-13
|t 1
|w 2015-08-13
|y BK
|